Kanye West A-Z - Statistics

General Stats
  • This quiz has been taken 701 times
    556 since last reset
  • The average score is 16 of 23
Answer Stats
Hint Answer % Correct
A Addiction, All Falls Down, All Mine, All of the Lights, Amazing,
90%
H HAM, Hands On, Heard Em Say, Heartless, Heaven and Hell, Hell of a Life, Hey Mama, Highlights, Hold My Liquor, Homecoming, Hurricane
90%
D Dark Fantasy, Devil in a New Dress, Diamonds from Sierra Leone, Donda Chant, Drive Slow, Drunk and Hot Girls, Donda
89%
G Get Em High, Ghost Town, The Glory, God Breathed, God Is, Gold Digger, Gone, Good Life, Gorgeous, Gotta Have It, Graduation Day, Guilt Trip
89%
F Fade, Family Business, Famous, Father Stretch my Hands Pt. 1, Feedback, Feel the Love, Fire, Flashing Lights, FML, Follow God, Frank's Track, Freeeee, Freestyle 4
88%
B Barry Bonds, Big Brother, Black Skinhead, Blame Game, Blood on the Leaves, Bound 2, Breathe in Breathe Out
87%
C Can't Tell Me Nothing, Celebration, Champion, Closed on Sundays, Coldest Winter, Come to Life, Crack Music, Cudi Montage
81%
N Never Let Me Down, New Day, New Slaves, The New Workout Plan, Niggas In Paris, No Child Left Behind, No Church In the Wild, No Mistakes, No More Parties In LA, New Again
80%
R Real Friends, Reborn, Remote Control, Remote Control 2, RoboCop, Roses, Runaway
79%
S Saint Pablo, Say You Will, School Spirit, See You In My Nightmares, Selah, Send It Up, Silver Surfer Intermission, Skit, Slow Jamz, So Appalled, Spaceship, Streetlights, Stronger
78%
I I Am a God, I Love Kanye, I Thought About Killing You, I Wonder, I'll Fly Away, I'm In It, Intro
77%
J Jesus is Lord, Jesus Walks, Jonah, Junya, Jesus Lord, Jail
72%
W Wake Up Mr. West, Water, Waves, We Don't Care, We Major, Welcome to Heartbreak, Welcome to the Jungle, Wolves, Who Gon Stop Me, Who Will Survive In America, Why I Love You, Workout Plan, Wouldn't Leave
72%
P Paranoid, Pinocchio Story, Power, Praise God, Pt. 2, Pure Souls
69%
O Off the Grid, Ok Ok, On God, On Sight, Otis
65%
L Last Call, Late, Lift Off, Life of the Party, Lost in the World, Love Lockdown, Lowlights, Lord I Need You
64%
M Made In America, Monster, Moon, Murder to Excellence, My Way Home
60%
T That's My Bitch, Through the Wire, Touch the Sky, Two Words, Tell the Vision
53%
E Every Hour, Everything I Am, Everything we Need
46%
U Ultralight Beam, Up From the Ashes, Use This Gospel
46%
V Violent Crimes
44%
Y Yikes
35%
K Kids See Ghosts, Keep My Spirit Alive
26%
No matching quizzes found
Score Distribution
Percent of People with Each Score
Percentile by Number Answered
Your Score History
You have not taken this quiz since the last reset